000 01007nam a2200301 a 4500
001 77194
003 BD-RjUL
005 20211209082937.0
008 200302r19631962pk 000 0 eng
035 _a(BD-RjUL)77418
035 _a(OCoLC)5358900
040 _aDLC
_cNNepaSU
_dDLC
_dBD-RjUL
_beng
041 _aeng
042 _apremarc
082 _223
_a759.954
_bCHP 1963
100 1 _aChagtai, Muhammad Abdulla.
_9240208
245 1 0 _aPainting during the Sultanate period (C. E. 712-1575) /
_cby M. Abdulla Chaghatai.
260 _aLahore :
_bKitab Khana-i-Navras,
_c1963.
300 _aiv, 62 p.:
_bill.;
_c25 cm.
500 _a"250 copies."
500 _a"I publish it here by the courtesy of 'Iqbal' quarterly, Lahore, in which it has already appeared in its issues of 1962 and 1963."
504 _aBibliographical footnotes.
650 0 _aPainting, Indic.
_9240209
650 0 _aIslamic painting
_xHistory.
_9240210
942 _2ddc
_cBK
999 _c77194
_d77194